000 00670nam a2200181 i 4500
001 154471
003 ES-MaACL
005 20250811063148.0
008 040709s1880 sp |||| | spa d
040 _aCAM
_bspa
_cCAM
100 1 _aGómez Salazar, Francisco,
_d1827-1906
_9127703
245 1 0 _aPrograma de derecho canónico /
_cpor Francisco Gómez Salazar.
260 _aMadrid :
_b[s.n.],
_c1880 (
_fImprenta de Alejandro Gómez Fuentenebro)
300 _a45 p. ;
_c21 cm.
650 0 7 _aDerecho canónico
_2embne
_911655
852 _aES-MaACL
_jT-376-F-26
_z-- Enc. hol., falto de la cub. original
_z-- Enc. en un vol. facticio
999 _c154471
_d154471